Statistics for Collective Nouns #2

Click here to take the quiz!

General Stats

  • This quiz has been taken 405 times
  • The average score is 4 of 10

Answer Stats

HintAnswer% Correct
A _____ of lionspride
87%
A ______ of fishschool
86%
A/An ____ of antscolony/army
83%
A ______ of crowsmurder
75%
A __________ of owlsparliament
53%
A _______ of catsclowder
11%
A __________ of alligatorscongregation
10%
A ___________ of eaglesconvocation
6%
A ________ of baboonscongress
5%
A ____ of sparrowshost
4%

Score Distribution

Percentile by Number Answered

Percent of People with Each Score

Your Score History

You have not taken this quiz